000 nam a22 a 4500
999 _c135444
_d135444
003 BLK
005 20201013144639.0
008 180409b bul|||||r ||||||| ||bul||
010 _aKNG00141370000
040 _aBLK
041 _aBUL
_cBUL
080 _aНемска литература
_b821.112.2
_x-2
_z821.112.2-2
100 1 _aЗудерман, Херман
_eпърви автор
_970306
139 _aЗудерман, Херман
_bЗ 94
245 1 0 _aФрицхен
_bЕдноактна драма
_cХерман Зудерман; прев. от нем. Н. И..
257 _aDEU
260 _bсп. Библиотека
_c1905 - 1906
_aСофия
300 _a24 с.
_c20 см
380 _aX
490 _9435080
_aКолекция Редки и ценни издания
500 _aКн. с инв. №767389 е подв. към Чест / Х. Зудерман със сигн. Рб 896 и инв. № 8868/66.
653 _aпиеси
700 1 _aН. И.
_eпрев. от нем.
_9324828
852 _aРб 896
_bРц
856 4 _qpdf
856 4 _qpdf
942 _cKNG
_n0
_s1
944 _aCR
_c26.03.2013
_lф /
_kЛюдмила_Стоянова
944 _aED
_c25.06.2013
_lф /
999 _d135444